| 000 | 01162nam a22002537a 4500 | ||
|---|---|---|---|
| 005 | 20170124103107.0 | ||
| 010 | _aB-208752 | ||
| 020 | _c00.00 | ||
| 035 | _aB-208752 | ||
| 037 | _bCen Lib/Ret | ||
| 040 |
_aDPL _bHN |
||
| 082 |
_a070.9 _bभानाव |
||
| 100 |
_aभानावत, संजीव _978523 |
||
| 245 |
_aपत्रकारिता का इतिहास एवं जन संचार माध्यम / _cसंजीव भानावत |
||
| 246 |
_aPatrkarita ka itihas evam jansanchar madhyam / _bby Sanjeev Bhanavat |
||
| 260 |
_aजयपुर _bयूनिवर्सिटी पब्लिकेशन |
||
| 270 |
_bजयपुर _e302015 |
||
| 300 |
_a206पृ. _c19सेमी (सजिल्द) |
||
| 500 | _aगरंथ सूची शामिल | ||
| 650 |
_aहिंदी--पत्रकारिता _91191 |
||
| 650 |
_aहिंदी--पत्रकारिता--इतिहास--जन संचार माध्यम _978524 |
||
| 650 |
_aHindi -- journalism-- History -- Mass Media _978525 |
||
| 942 |
_2ddc _cHN _h070.9 _mभानाव |
||
| 999 |
_c118139 _d118139 |
||